000 00493nam a2200169Ia 4500
003 GCL
008 140319s9999 xx 000 0 eng d
040 _aGCL /
_cGCL
082 0 4 _a794.8
_bL N
100 1 _aLOVINFOSSE, JEAN-PIERRE
245 1 0 _aNINTENDO: ENCYCLOPEDIE DES CODES SECRETS 200 JEUX POUR CONOLES NES ET SUPER NES /
_cLOVINFOSSE, JEAN-PIERRE
260 _a[S.N] :
_bMARABOUT UNIVERSITE ،
_c1994
300 _a190 P
650 0 4 _aGAMES
650 0 4 _aGAME, BOY
942 _2ddc
_cBK
999 _c24950
_d24950